000 00254nam a22001097a 4500
008 170119b xxu||||| |||| 00| 0 eng d
020 _a9780918082091
041 _aeng
080 _28TH
_a618.2
245 _aMATH FOR MEDS
_cCURREN & MUNDAY
942 _2udc
_cBK
999 _c3199
_d3199